000 00491cam a2200181 4500
008 000000n2001 000 0 eng u
020 _a0415249465
035 _a(Sirsi) u111730
050 _a658.4
100 _aJackson, Brad
245 _aManagement gurus and management fashions: a dramatistic inquiry.
260 _aLondon
_bRoutledge
_c2001
300 _axvi, 208p. ; 24cm.
350 _a18.99
650 _aMANAGEMENT
690 _aMANAGEMENT-BUSINESS MANAGEMENT
942 _n0
999 _c101283
_d101283